Geneva Airport Destinations (Geneva, Switzerland) - Statistics

General Stats
  • This quiz has been taken 300 times
    114 since last reset
  • The average score is 108 of 153
Answer Stats
Airline Destination % Correct
British Airways/Swiss International Air Lines London (City)
98%
British Airways/easyJet/Swiss International Air Lines London (Gatwick)
98%
British Airways/Swiss International Air Lines London (Heathrow)
98%
easyJet/Jet2.com London (Luton)
98%
easyJet London (Southend)
98%
British Airways/easyJet/Jet2.com London (Stansted)
98%
Air France Paris (Charles de Gaulle)
98%
easyJet Paris (Orly)
98%
easyJet/KLM Amsterdam
97%
Emirates Dubai (International)
97%
easyJet/Iberia Madrid
97%
Swiss International Air Lines New York (JFK)
97%
easyJet/Swiss International Air Lines Berlin
94%
Qatar Airways Doha
92%
Aer Lingus/Swiss International Air Lines Dublin
92%
easyJet/ITA Airways Rome (Fiumicino)
92%
easyJet/Scandinavian Airlines/Swiss International Air Lines Stockholm (Arlanda)
92%
Nouvelair/Tunisair Tunis
92%
easyJet/Vueling Barcelona
90%
Air China Beijing (Capital)
90%
Brussels Airlines/easyJet/Swiss International Air Lines Brussels
90%
Finnair Helsinki
90%
Turkish Airlines Istanbul
90%
Ajet/Pegasus Airlines Istanbul (Sabiha Gökçen)
90%
easyJet/Swiss International Air Lines/TAP Air Portugal Lisbon
90%
Gulf Air Milan (Malpensa)
90%
easyJet/Swiss International Air Lines Nice
90%
LOT Polish Airlines Warsaw (Chopin)
90%
Etihad Airways Abu Dhabi
89%
Egyptair Cairo
89%
easyJet/Ethiopian Airlines/Jet2.com Manchester
89%
easyJet/Norwegian Air Shuttle/Scandinavian Airlines/Swiss International Air Lines Oslo
89%
Austrian Airlines/Swiss International Air Lines Vienna
89%
Swiss International Air Lines Zürich
89%
Aegean Airlines/easyJet/Swiss International Air Lines Athens
87%
easyJet/Norwegian Air Shuttle/Scandinavian Airlines/Swiss International Air Lines Copenhagen
87%
easyJet/Jet2.com Edinburgh
86%
easyJet/Swiss International Air Lines/TAP Air Portugal Porto
86%
China Eastern Airlines Shanghai (Pudong)
86%
arkia/easyJet/El Al Tel Aviv
86%
United Airlines Washington (Dulles)
86%
Ethiopian Airlines Addis Ababa
84%
Swiss International Air Lines Frankfurt
84%
Icelandair Reykjavík
84%
airBaltic Riga
84%
flynas/Saudia Riyadh
84%
Kuwait Airways Kuwait City
83%
easyJet/Eurowings Prague
83%
AJet Ankara
81%
Air Serbia/easyJet Belgrade
81%
easyJet Bordeaux
81%
easyJet Liverpool
81%
Air Canada Montréal (Trudeau)
81%
airBaltic Tallinn
81%
Air Algérie Algiers
79%
Royal Jordanian Amman (Queen Alia)
79%
easyJet Budapest
79%
Air Arabia/Royal Air Maroc Casablanca
79%
easyJet/Jet2.com Glasgow
79%
Luxair Luxembourg
79%
easyJet/Royal Air Maroc/Swiss International Air Lines Marrakesh
79%
easyJet Naples
79%
AJet/easyJet/Pegasus Airlines/SunExpress/Swiss International Air Lines Antalya
78%
Azerbaijan Airlines Baku
78%
easyJet/Jet2.com Birmingham
78%
Animawings Bucharest (Otopeni)
78%
easyJet/Swiss International Air Lines Palma de Mallorca
78%
easyJet Tirana
78%
easyJet Bari
76%
easyJet Belfast (International)
76%
easyJet Kraków
76%
easyJet/Swiss International Air Lines Málaga
76%
easyJet Toulouse
76%
Aer Lingus/Swiss International Air Lines Cork
75%
Eurowings Düsseldorf
75%
Swiss International Air Lines Hamburg
75%
Saudia Jeddah
75%
easyJet Split
75%
easyJet/Swiss International Air Lines Alicante
73%
Middle East Airlines Beirut
73%
easyJet/Swiss International Air Lines Valencia
73%
easyJet Bilbao
71%
easyJet/Swiss International Air Lines Ibiza
71%
easyJet/Jet2.com Leeds/Bradford
71%
easyJet/Transavia Nantes
71%
United Airlines Newark
71%
easyJet/Jet2.com/TUI Airways Newcastle upon Tyne
71%
Transavia Rotterdam/The Hague
71%
easyJet Venice
71%
easyJet/Jet2.com/TUI Airways Bristol
70%
easyJet/Swiss International Air Lines Faro
70%
easyJet/Swiss International Air Lines Heraklion
70%
easyJet Seville
70%
easyJet/Swiss International Air Lines Catania
68%
easyJet Malta
68%
Air Mauritius Mauritius
68%
easyJet Palermo
68%
Swiss International Air Lines Thessaloniki
68%
Gulf Air Bahrain
67%
easyJet Cagliari
67%
easyJet Dubrovnik
67%
easyJet Lille
67%
easyJet/Swiss International Air Lines Rhodes
67%
easyJet/Swiss International Air Lines Santorini
65%
easyJet Tenerife (South)
65%
easyJet Agadir
63%
easyJet/Swiss International Air Lines Funchal
63%
Saudia Medina
63%
easyJet/Swiss International Air Lines Mykonos
63%
easyJet Ajaccio
62%
easyJet/Swiss International Air Lines Corfu
62%
easyJet/Swiss International Air Lines Menorca
62%
easyJet/Swiss International Air Lines Pristina
62%
easyJet Rabat
62%
Swiss International Air Lines Kos
60%
Swiss International Air Lines Gothenburg
59%
easyJet/Swiss International Air Lines/Tunisair Djerba
57%
easyJet/Swiss International Air Lines Hurghada
57%
easyJet Aberdeen
56%
easyJet Bastia
56%
easyJet Gran Canaria
56%
easyJet/Norwegian Air Shuttle Tromsø
56%
Swiss International Air Lines Sarajevo
54%
easyJet Sharm El Sheikh
54%
easyJet Fuerteventura
52%
Swiss International Air Lines Larnaca
52%
easyJet/Swiss International Air Lines Olbia
52%
easyJet/Swiss International Air Lines Brindisi
51%
easyJet Chania
51%
Swiss International Air Lines Zakynthos
51%
easyJet Lanzarote
49%
easyJet Santiago de Compostela
48%
easyJet Southampton
48%
easyJet Rennes
44%
easyJet A Coruña
43%
easyJet Tbilisi
43%
easyJet Tivat
43%
Jet2.com East Midlands
40%
easyJet Figari
37%
Swiss International Air Lines Kalamata
37%
easyJet Rovaniemi
37%
easyJet Bournemouth
35%
easyJet Lamezia Terme
35%
easyJet Marsa Alam
35%
easyJet Enfidha
33%
Swiss International Air Lines Biarritz
32%
easyJet Calvi
32%
SunExpress Kayseri
30%
Swiss International Air Lines Kittilä
27%
easyJet Giza
25%
easyJet La Rochelle
22%
easyJet Salerno
21%
Air Mountain Saint-Tropez
10%
No matching quizzes found
Score Distribution
Percent of People with Each Score
Percentile by Number Answered
Your Score History
You have not taken this quiz since the last reset